Constitutions et vie politique de 1789 à nos jours (notice n° 2106459)

détails MARC
000 -LEADER
fixed length control field 00956cam a2200133 4500500
005 - DATE AND TIME OF LATEST TRANSACTION
control field 20260405013559.0
041 ## - LANGUAGE CODE
Language code of text/sound track or separate title fre
042 ## - AUTHENTICATION CODE
Authentication code dc
100 10 - MAIN ENTRY--PERSONAL NAME
Personal name Ghérardi, Éric
Relator term author
245 00 - TITLE STATEMENT
Title Constitutions et vie politique de 1789 à nos jours
260 ## - PUBLICATION, DISTRIBUTION, ETC.
Name of publisher, distributor, etc. Armand Colin,<br/>
Date of publication, distribution, etc. 2013.<br/>
520 ## - SUMMARY, ETC.
Summary, etc. La France a connu, en un peu plus de deux siècles, pas moins de seize constitutions écrites rédigées pour vingt et un régimes différents. L’étude de l’histoire constitutionnelle et de la vie politique française permet de mieux comprendre la logique des évolutions institutionnelles, construites souvent par réaction aux expériences passées. Elle offre, en outre, un fondement indispensable à la compréhension des institutions contemporaines qui puisent leurs inspirations dans cet héritage.
856 41 - ELECTRONIC LOCATION AND ACCESS
Uniform Resource Identifier <a href="https://droit.cairn.info/constitutions-et-vie-politique-de-1789-a-nos-jours--9782200288617?lang=fr&redirect-ssocas=7080">https://droit.cairn.info/constitutions-et-vie-politique-de-1789-a-nos-jours--9782200288617?lang=fr&redirect-ssocas=7080</a>

Pas d'exemplaire disponible.

PLUDOC

PLUDOC est la plateforme unique et centralisée de gestion des bibliothèques physiques et numériques de Guinée administré par le CEDUST. Elle est la plus grande base de données de ressources documentaires pour les Étudiants, Enseignants chercheurs et Chercheurs de Guinée.

Adresse

627 919 101/664 919 101

25 boulevard du commerce
Kaloum, Conakry, Guinée

Réseaux sociaux

Powered by Netsen Group @ 2025